| 000 | 00419nam a22001457a 4500 | ||
|---|---|---|---|
| 003 | OSt | ||
| 005 | 20160727222421.0 | ||
| 008 | 160628b xxu||||| |||| 00| 0 eng d | ||
| 040 | _cTEST | ||
| 100 |
_91272 _aJohnson, H.H., et al |
||
| 245 | _aExperimental design in Psychology; A Case Approach | ||
| 260 |
_aNEW YORK _bHARPER & ROW _c1971 |
||
| 300 | _aExperimental design in Psychology; A Case Approach | ||
| 942 |
_2ddc _cBK |
||
| 999 |
_c1039 _d1039 |
||